[Event "Khanty-Mansiysk Governor Cup"]
[Site "Khanty-Mansiysk"]
[Date "2008.10.19"]
[Round "5"]
[White "Jumabayev, Rinat"]
[Black "Erushev, Gennady"]
[Result "1-0"]
[WhiteElo "2490"]
[BlackElo "2351"]
[PlyCount "109"]
[EventDate "2008.10.15"]
[EventType "swiss"]
[EventRounds "9"]
[EventCountry "RUS"]
[SourceTitle "EXT 2010"]
[Source "ChessBase"]
[SourceDate "2010.11.25"]
[SourceVersion "1"]
[SourceVersionDate "2010.11.25"]
[SourceQuality "1"]

1. d4 Nf6 2. Nf3 d6 3. g3 Nbd7 4. Bg2 e5 5. c4 c6 6. 0-0 Be7 7. Qc2 Qc7 8. Rd1 0-0 9. Nc3 Re8 10. Bd2 Nf8 11. h3 Ng6 12. e4 Bd7 13. Be3 Qc8 14. Kh2 Nh5 15. Qd2 Nf6 16. Rac1 h6 17. b3 Bf8 18. Ng1 b6 19. Nge2 c5 20. dxe5 dxe5 21. Nd5 Nxd5 22. cxd5 Bd6 23. Nc3 Qb7 24. Bf1 a6 25. Na4 Rac8 26. Qe2 Bb5 27. Qg4 Bd7 28. Bxa6 Qa7 29. Bxc8 Bxg4 30. Bxg4 Ne7 31. Nc3 Rd8 32. h4 h5 33. Bxh5 g6 34. Be2 f5 35. Bg5 Rf8 36. Rc2 f4 37. a4 Kf7 38. Nb5 Qd7 39. Bf1 Qd8 40. Bh3 Qb8 41. Bh6 Rh8 42. Be6+ Kf6 43. Bg5+ Kg7 44. Ra1 fxg3+ 45. fxg3 Rf8 46. a5 bxa5 47. Rxa5 Qb6 48. Rca2 c4 49. Nxd6 cxb3 50. Nc4 Rf2+ 51. Kh3 Rxa2 52. Nxb6 Rxa5 53. Nc4 Kf8 54. d6 Nc6 55. Nxa5 1-0

[Event "Khanty-Mansiysk HMAO-ch"]
[Site "Khanty-Mansiysk"]
[Date "2008.01.25"]
[Round "1"]
[White "Kirillov, Igor"]
[Black "Erushev, Gennady"]
[Result "0-1"]
[WhiteElo "2293"]
[BlackElo "2362"]
[PlyCount "68"]
[EventDate "2008.01.25"]
[EventType "swiss"]
[EventRounds "9"]
[EventCountry "RUS"]
[SourceTitle "EXT 2009"]
[Source "ChessBase"]
[SourceDate "2008.11.26"]
[SourceVersion "1"]
[SourceVersionDate "2008.11.26"]
[SourceQuality "1"]

1. d4 Nf6 2. c4 d6 3. Nc3 Nbd7 4. e4 e5 5. d5 Be7 6. Be3 0-0 7. Bd3 c5 8. f3 Nh5 9. Nge2 a6 10. Qd2 Bh4+ 11. g3 Be7 12. 0-0-0 Nhf6 13. g4 Ne8 14. h4 b5 15. Ng3 bxc4 16. Bxc4 Nb6 17. Bd3 Nc7 18. Nf5 Nb5 19. Nxe7+ Qxe7 20. g5 Bd7 21. h5 Rab8 22. Nxb5 Bxb5 23. g6 Bxd3 24. gxh7+ Kxh7 25. Qxd3 Na4 26. Rh2 c4 27. Qf1 Qb7 28. Qg2 Nc3 29. Rg1 Nxa2+ 30. Kb1 Rg8 31. Qg6+ Kh8 32. Qg2 Nc3+ 33. Kc1 Qb3 34. bxc3 Qxc3+ 0-1

[Event "Khanty-Mansiysk Governor Cup"]
[Site "Khanty-Mansiysk"]
[Date "2007.11.29"]
[Round "8"]
[White "Abramov, Alexander"]
[Black "Erushev, Gennady"]
[Result "0-1"]
[WhiteElo "2243"]
[BlackElo "2396"]
[PlyCount "96"]
[EventDate "2007.11.21"]
[EventType "swiss"]
[EventRounds "9"]
[EventCountry "RUS"]
[SourceTitle "CBM 121 Extra"]
[Source "ChessBase"]
[SourceDate "2008.01.10"]
[SourceVersion "1"]
[SourceVersionDate "2008.01.10"]
[SourceQuality "1"]

1. e4 g6 2. d4 Bg7 3. Nc3 d6 4. f4 c6 5. Nf3 Nd7 6. Bd3 a6 7. 0-0 c5 8. Be3 Ngf6 9. dxc5 Ng4 10. Bd2 Nxc5 11. Kh1 Nxd3 12. cxd3 0-0 13. h3 Nf6 14. d4 b5 15. e5 Ne8 16. Ng5 Bb7 17. Qg4 e6 18. Rae1 Rc8 19. d5 dxe5 20. fxe5 Rc4 21. Rf4 Rxf4 22. Qxf4 h6 23. Nf3 exd5 24. e6 fxe6 25. Qg4 Rf6 26. Bf4 d4 27. Ne4 Rf5 28. Bxh6 Bxe4 29. Qxe4 Bxh6 30. Qxe6+ Kg7 31. Qxe8 Qxe8 32. Rxe8 Rd5 33. Re1 d3 34. Rd1 d2 35. Kg1 Rc5 36. Nxd2 Rd5 37. Rc1 Rxd2 38. Rc7+ Kf6 39. Rc6+ Kf5 40. g4+ Ke4 41. Rxg6 Be3+ 42. Kf1 Kf3 43. Ke1 Rxb2 44. Rf6+ Bf4 45. Kd1 Rd2+ 46. Ke1 Rxa2 47. Kd1 Rd2+ 48. Ke1 Rc2 0-1

[Event "World Cup qual"]
[Site "Khanty-Mansiysk"]
[Date "2007.10.19"]
[Round "9"]
[White "Erushev, Gennady"]
[Black "Kalmachevskikh, Viktor"]
[Result "1-0"]
[WhiteElo "2396"]
[BlackElo "2339"]
[PlyCount "97"]
[EventDate "2007.10.14"]
[EventType "tourn"]
[EventRounds "13"]
[EventCountry "RUS"]
[EventCategory "5"]
[SourceTitle "CBM 121 Extra"]
[Source "ChessBase"]
[SourceDate "2008.01.10"]
[SourceVersion "1"]
[SourceVersionDate "2008.01.10"]
[SourceQuality "1"]

1. e4 d5 2. exd5 Qxd5 3. Nc3 Qd8 4. d4 c6 5. Bc4 Nf6 6. Nf3 b5 7. Bb3 a5 8. a4 b4 9. Ne2 e6 10. 0-0 c5 11. Re1 Be7 12. Be3 Bb7 13. Ne5 Nbd7 14. Nxd7 Qxd7 15. dxc5 Qc6 16. f3 Bxc5 17. Bxc5 Qxc5+ 18. Qd4 Rc8 19. Rad1 Ke7 20. c4 Rhd8 21. Qxc5+ Rxc5 22. Nd4 Nd7 23. Ba2 Ba6 24. Nb3 Rxc4 25. Nxa5 Rc2 26. Bb1 Rc7 27. Be4 Nb8 28. Rxd8 Kxd8 29. Kf2 Ke7 30. Ke3 f5 31. Bd3 Rc5 32. Bxa6 Nxa6 33. Nb3 Re5+ 34. Kd2 Rxe1 35. Kxe1 e5 36. Kd2 Kd6 37. g3 Kd5 38. Ke3 g6 39. h4 h6 40. g4 f4+ 41. Kd3 g5 42. hxg5 hxg5 43. a5 e4+ 44. fxe4+ Ke5 45. Nd2 Nc5+ 46. Kc4 Kd6 47. Kxb4 Nd3+ 48. Kb3 Ne5 49. Nc4+ 1-0

[Event "World Cup qual"]
[Site "Khanty-Mansiysk"]
[Date "2007.10.14"]
[Round "1"]
[White "Kabanov, Nikolai"]
[Black "Erushev, Gennady"]
[Result "1-0"]
[WhiteElo "2512"]
[BlackElo "2396"]
[PlyCount "91"]
[EventDate "2007.10.14"]
[EventType "tourn"]
[EventRounds "13"]
[EventCountry "RUS"]
[EventCategory "5"]
[SourceTitle "CBM 121 Extra"]
[Source "ChessBase"]
[SourceDate "2008.01.10"]
[SourceVersion "1"]
[SourceVersionDate "2008.01.10"]
[SourceQuality "1"]

1. Nf3 Nf6 2. d4 d6 3. g3 Nbd7 4. Bg2 e5 5. 0-0 Be7 6. b3 e4 7. Nfd2 d5 8. c4 c6 9. Nc3 0-0 10. f3 Bb4 11. Bb2 e3 12. Ndb1 dxc4 13. bxc4 Nb6 14. Qb3 Qe7 15. Rd1 Re8 16. Na3 Bf5 17. Rac1 Rad8 18. Nc2 Ba5 19. Ba3 Qe6 20. d5 Bxc2 21. dxe6 Bxb3 22. Rxd8 Rxd8 23. exf7+ Kxf7 24. axb3 Rd2 25. Bf1 Nbd7 26. Kg2 g5 27. Nd1 Ra2 28. Bb2 Bd2 29. Rb1 c5 30. Kg1 a5 31. Bh3 a4 32. bxa4 Rxa4 33. Bf5 Rxc4 34. Bxf6 Nxf6 35. Rxb7+ Ke8 36. Kg2 Rc1 37. Nb2 c4 38. Rc7 Re1 39. Nxc4 Rxe2+ 40. Kh3 Rf2 41. Rc6 Kf7 42. Re6 h5 43. Ne5+ Kg8 44. Rxf6 e2 45. Nd3 Rxf3 46. Be6+ 1-0

[Event "Nezhmetdinov Memorial 29th"]
[Site "Kazan"]
[Date "2007.06.09"]
[Round "9"]
[White "Erushev, Gennady"]
[Black "Pavlov, Viktor"]
[Result "1/2-1/2"]
[WhiteElo "2443"]
[BlackElo "2098"]
[PlyCount "68"]
[EventDate "2007.06.01"]
[EventType "swiss"]
[EventRounds "9"]
[EventCountry "RUS"]
[SourceTitle "CBM 119 Extra"]
[Source "ChessBase"]
[SourceDate "2007.09.04"]
[SourceVersion "1"]
[SourceVersionDate "2007.09.04"]
[SourceQuality "1"]

1. Nf3 Nf6 2. b3 e6 3. Bb2 d5 4. e3 Bd6 5. d4 0-0 6. Nbd2 Nbd7 7. Bd3 c5 8. Ne5 Qc7 9. f4 b6 10. 0-0 Bb7 11. Qf3 c4 12. Nxd7 Qxd7 13. Be2 b5 14. c3 Rac8 15. b4 Ne4 16. Nxe4 dxe4 17. Qh3 f5 18. g4 Ra8 19. a4 a6 20. Rf2 Bd5 21. a5 Kh8 22. Rg2 Rg8 23. Kf2 g5 24. fxg5 f4 25. exf4 Bxf4 26. Bc1 e3+ 27. Bxe3 Bxg2 28. Kxg2 Bxg5 29. Re1 Raf8 30. Bxg5 Rxg5 31. Qe3 Qd5+ 32. Kg3 Qd6+ 33. Kg2 Qd5+ 34. Kg3 Qd6+ 1/2-1/2

[Event "Nezhmetdinov Memorial 29th"]
[Site "Kazan"]
[Date "2007.06.06"]
[Round "6"]
[White "Shurunov, Arseny"]
[Black "Erushev, Gennady"]
[Result "1-0"]
[WhiteElo "2059"]
[BlackElo "2443"]
[PlyCount "85"]
[EventDate "2007.06.01"]
[EventType "swiss"]
[EventRounds "9"]
[EventCountry "RUS"]
[SourceTitle "CBM 119 Extra"]
[Source "ChessBase"]
[SourceDate "2007.09.04"]
[SourceVersion "1"]
[SourceVersionDate "2007.09.04"]
[SourceQuality "1"]

1. e4 g6 2. d4 Bg7 3. c4 d6 4. Nc3 Nd7 5. Nf3 e5 6. Be3 Ngf6 7. Be2 0-0 8. 0-0 Ng4 9. Bg5 f6 10. Bd2 c6 11. h3 Nh6 12. Be3 Qe7 13. Qd2 Nf7 14. Rad1 f5 15. dxe5 dxe5 16. exf5 gxf5 17. Qc2 Nf6 18. Rfe1 f4 19. Bc1 Qc7 20. Bd3 Be6 21. Bxf4 Bxh3 22. Nxe5 Bg4 23. Nxg4 Qxf4 24. Nxf6+ Bxf6 25. Bxh7+ Kh8 26. Qf5 Qh6 27. Bg6 Ng5 28. Ne4 Bd4 29. Qg4 Rf4 30. Qh5 Qxh5 31. Bxh5 Rxe4 32. Rxe4 Bxf2+ 33. Kxf2 Nxe4+ 34. Ke3 Nf6 35. Bf3 Kg7 36. Kf4 Rh8 37. b3 a5 38. g4 Rf8 39. Kg3 Kg6 40. Re1 Rf7 41. Re6 Rd7 42. Kf4 Rd4+ 43. Ke5 1-0

[Event "Nezhmetdinov Memorial 29th"]
[Site "Kazan"]
[Date "2007.06.05"]
[Round "5"]
[White "Erushev, Gennady"]
[Black "Fedorov, Evgueny"]
[Result "0-1"]
[WhiteElo "2443"]
[BlackElo "2225"]
[PlyCount "102"]
[EventDate "2007.06.01"]
[EventType "swiss"]
[EventRounds "9"]
[EventCountry "RUS"]
[SourceTitle "CBM 119 Extra"]
[Source "ChessBase"]
[SourceDate "2007.09.04"]
[SourceVersion "1"]
[SourceVersionDate "2007.09.04"]
[SourceQuality "1"]

1. Nf3 Nf6 2. b3 c5 3. e3 b6 4. Bb2 Bb7 5. Be2 g6 6. 0-0 Bg7 7. d3 0-0 8. Nbd2 Re8 9. c4 d6 10. d4 Nbd7 11. d5 Nf8 12. Qc2 e6 13. dxe6 Nxe6 14. Rfd1 Qe7 15. Ne1 Rad8 16. Bf3 d5 17. cxd5 Bxd5 18. Nc4 Ng5 19. Bxd5 Nxd5 20. Bxg7 Kxg7 21. h4 Ne4 22. Qb2+ Qf6 23. Qxf6+ Ndxf6 24. a4 Nc3 25. Rxd8 Rxd8 26. f3 Nfd5 27. Kf2 Nb4 28. e4 h5 29. Ke3 f6 30. Rc1 Nca2 31. Ra1 Nc3 32. f4 Rd4 33. Nd2 f5 34. Rc1 fxe4 35. Nc4 Ncd5+ 36. Kf2 Nxf4 37. Ra1 Kf6 38. g3 Nfd5 39. Ng2 Rd3 40. Rf1 Rxb3 41. Ke2+ Ke7 42. g4 Rg3 43. Nge3 hxg4 44. Rh1 Nf4+ 45. Kd2 Ke6 46. Rf1 Rf3 47. Rg1 g3 48. Ke1 Nbd5 49. Nd1 g2 50. Nd2 Nd3+ 51. Ke2 N5f4# 0-1

[Event "RUS-ch sf Urals 60th"]
[Site "Nizhnij Tagil"]
[Date "2007.03.22"]
[Round "9"]
[White "Obukhov, Alexander"]
[Black "Erushev, Gennady"]
[Result "1-0"]
[WhiteElo "2445"]
[BlackElo "2443"]
[PlyCount "89"]
[EventDate "2007.03.14"]
[EventType "swiss"]
[EventRounds "9"]
[EventCountry "RUS"]
[SourceTitle "CBM 117 Extra"]
[Source "ChessBase"]
[SourceDate "2007.05.09"]
[SourceVersion "1"]
[SourceVersionDate "2007.05.09"]
[SourceQuality "1"]

1. d4 Nf6 2. c4 d6 3. Nc3 Nbd7 4. e4 e5 5. Nf3 Be7 6. Be2 0-0 7. 0-0 c6 8. Re1 Re8 9. Bf1 Bf8 10. a3 a5 11. d5 Nc5 12. b3 Bg4 13. Rb1 g6 14. h3 Bd7 15. b4 axb4 16. axb4 Na6 17. Bg5 h6 18. Be3 cxd5 19. cxd5 Nh5 20. Nd2 Rc8 21. Na4 f5 22. exf5 Bxf5 23. Rb2 Nf4 24. Nb6 Rc3 25. Ndc4 Nd3 26. Qd2 Nxb2 27. Qxc3 Nxc4 28. Qxc4 Re7 29. g4 Rc7 30. Qe2 Bd7 31. Nxd7 Qxd7 32. Rb1 e4 33. Bb6 Rc3 34. Qxe4 Qf7 35. Bd3 Bg7 36. Qxg6 Qxg6 37. Bxg6 Rxh3 38. Be3 Rf3 39. Bf5 h5 40. Bc8 Bc3 41. Rb3 Bd2 42. Kg2 hxg4 43. Bxg4 Rxe3 44. fxe3 Nxb4 45. Kf3 1-0